Microeconomics <A> Version of Economics

Guardado en:
Detalles Bibliográficos
Autor principal: Samuelson, Paul A.
Otros Autores: Nordhaus, William D.
Formato: Libro
Lenguaje:inglés
Publicado: New York MacGraw-Hill Book Co. 1989
Edición:13. ed.
Materias:
Etiquetas: Agregar Etiqueta
Sin Etiquetas, Sea el primero en etiquetar este registro!

MARC

LEADER 00000nam a2200000 4500
001 c002637
005 20221206131457.2
020 |a 0-07-054878-1 
041 0 |a eng 
044 |a US 
245 1 0 |a Microeconomics  |b <A> Version of Economics  |c Paul A. Samuelson, William D. Nordhaus 
250 |a 13. ed. 
264 1 |a New York  |b MacGraw-Hill Book Co.  |c 1989 
300 |a 658 s. 
610 2 0 |a mikroekonomika 
610 2 0 |a ekonómia 
610 2 0 |a trh 
610 2 0 |a dopyt 
610 2 0 |a ponuka 
610 2 0 |a spotrebitelia 
610 2 0 |a správanie 
610 2 0 |a organizácia podniku 
610 2 0 |a konkurencia 
610 2 0 |a monopoly 
610 2 0 |a politika protimonopolná 
610 2 0 |a mzdy 
610 2 0 |a renta 
610 2 0 |a zisk 
610 2 0 |a príjmy 
610 2 0 |a rozdeľovanie 
610 2 0 |a oceňovanie 
610 2 0 |a trh práce 
610 2 0 |a vyjednávanie kolektívne 
610 2 0 |a vláda 
610 2 0 |a výdavky 
610 2 0 |a dane 
610 2 0 |a chudoba 
610 2 0 |a rast hospodársky 
610 2 0 |a obchod medzinárodný 
610 2 0 |a krajiny rozvojové 
610 2 0 |a výhody komparatívne 
610 2 0 |a protekcionizmus 
610 2 0 |a obchod voľný 
610 2 0 |a kurz výmenný 
610 2 0 |a systém menový medzinárodný 
100 1 |a Samuelson, Paul A. 
700 1 |a Nordhaus, William D.